Every Language Available On HelloTalk - Statistics

General Stats
  • This quiz has been taken 5 times
  • The average score is 81 of 158
Answer Stats
Answer % Correct
English
100%
Polish
100%
Spanish
100%
Swedish
100%
Arabic
80%
Aymara
80%
Danish
80%
Estonian
80%
Finnish
80%
German
80%
Greek
80%
Guarani
80%
Haitian Creole
80%
Hebrew
80%
Hmong
80%
Icelandic
80%
Japanese
80%
Korean
80%
Latvian
80%
Lithuanian
80%
Mandarin (Simplified)
80%
Mandarin (Traditional)
80%
Norwegian
80%
Portuguese
80%
Quechua
80%
Russian
80%
Thai
80%
Turkish
80%
Afar
60%
Albanian
60%
Amharic
60%
Bengali
60%
Bulgarian
60%
Burmese
60%
Cantonese
60%
Catalan
60%
Chewa
60%
Croatian
60%
Czech
60%
Dutch
60%
Filipino
60%
French
60%
Frisian
60%
Gujarati
60%
Hausa
60%
Hawaiian
60%
Hindi
60%
Hungarian
60%
Igbo
60%
Indonesian
60%
Irish
60%
Italian
60%
Javanese
60%
Kannada
60%
Kazakh
60%
Khmer
60%
Kinyarwanda
60%
Kurdish (Kurmanji)
60%
Kurdish (Pehlewani)
60%
Kurdish (Sorani)
60%
Kyrgyz
60%
Lao
60%
Latin
60%
Macedonian
60%
Maithili
60%
Malagasy
60%
Malay
60%
Malayalam
60%
Maltese
60%
Marathi
60%
Mongolian
60%
Nahuatl
60%
Pashto
60%
Punjabi
60%
Scottish
60%
Serbian
60%
Shona
60%
Sindhi
60%
Sinhala
60%
Slovak
60%
Slovene
60%
Somali
60%
Sundanese
60%
Swahili
60%
Swazi
60%
Tagalog
60%
Tajik
60%
Tamil
60%
Turkmen
60%
Uzbek
60%
Vietnamese
60%
Welsh
60%
Yiddish
60%
Yoruba
60%
Zulu
60%
Afrikaans
40%
Armenian
40%
Azerbaijani
40%
Bambara
40%
Basque
40%
Belarusian
40%
Bodo
40%
Bosnian
40%
Cebuano
40%
Dogri
40%
Esperanto
40%
Fula
40%
Galician
40%
Kirundi
40%
Konkani
40%
Lingala
40%
Maldivian
40%
Manipuri
40%
Maori
40%
Navajo
40%
Nepali
40%
Odia
40%
Oriya
40%
Oromo
40%
Romanian
40%
Sanskrit
40%
Sesotho
40%
Telugu
40%
Tigrinya
40%
Tsonga
40%
Tswana
40%
Ukrainian
40%
Urdu
40%
Venda
40%
Wolof
40%
Wu
40%
Xhosa
40%
Abkhaz
20%
Akan
20%
Assamese
20%
Bashkir
20%
Flemish
20%
Georgian
20%
Gikuyu
20%
Interlingua
20%
Kashmiri
20%
Kikongo
20%
Klingon
20%
Luganda
20%
Mayan
20%
Ndebele
20%
Ojibwa
20%
Persian
20%
Apache
0%
Choctaw
0%
Dakota
0%
Dothraki
0%
Ido
0%
Lingua Franca Nova
0%
Santali
0%
Sign Language
0%
Toki Pona
0%
Valyrian
0%
No matching quizzes found
Score Distribution
Percent of People with Each Score
Percentile by Number Answered
Your Score History
You have not taken this quiz